000 01089nam a2200313Ia 4500
005 20220317001849.0
008 170410s2015 s g 000 0 s
020 _a9788429018622
041 _aspa
082 0 4 _a349.861
_bD27
245 0 3 _aEl derecho en Colombia
_ccoordinadora Olga Lucía Alfonso Velásquez
250 _a1a. edición
300 _a167 páginas
_c21 cm
490 _aBiblioteca Iberoamericana de Derecho
600 1 4 _aEstado
_zColombia
_978091
610 _aColombia
_vConstitución política
_y1991
_978092
650 1 4 _2LEMB
_aComercio exterior
_zColombia
650 1 4 _2LEMB
_aFunción publica
_zColombia
650 1 4 _2LEMB
_aInversiones extranjeras
_vLegislación
_zColombia
650 1 4 _2LEMB
_aColombia
_vDerecho constitucional
651 4 _aColombia
_vAdministración publica
_911125
700 1 _aAlfonso Velásquez, Olga Lucía
_978095
942 _2ddc
_cBK
264 _aMadrid
_bUbijus ; Reus
_c2015
336 _atexto
_btxt
_2rdacontent
337 _asin mediación
_bn
_2rdamedia
338 _avolumen
_bnc
_2rdacarrier
040 _aCO-BoRNBP
_bspa
_erda
_cCO-BoRNBP
999 _c8345
_d8345